Gaming Quiz

Random Gaming or Video Games Quiz

Games with Geographic Errors Quiz Stats

 Plays Quiz Updated Jul 24, 2014

Support Sporcle.
Go Orange.
Score 0/20 Timer 07:00
2 Plays Today
% Correct
Ukraine
94.2%
Chile
85.2%
penguin
83.2%
Wales
77.2%
Florida
72.6%
New Zealand
68.6%
Lake Michigan
67.2%
British Columbia
63.5%
Pittsburgh (officially spelled 'Pittsburg' from 1890 to 1911)
61%
Cape of Good Hope
59.7%
% Correct
Uluru (Ayers Rock)
59.7%
St. Petersburg
57.8%
United Kingdom
48.9%
Iran
42.5%
Caspian Sea
39.1%
Ohio River
37.9%
Corsica
37.3%
Afghanistan
36.9%
Kolkata (formerly Calcutta)
25.1%
Lake Nasser
14.4%

You're not logged in!

Compare scores with friends on all Sporcle quizzes.
OR
Log In

From the Vault

One Subcategory in 15 Categories - Asia

by MrWhiplash

Asia really is big enough to hold all these categories, isn't it?
Remove Ads.
Support Sporcle.
Get the best of Sporcle when you Go Orange. This ad-free experience offers more features, more stats, and more fun while also helping to support Sporcle. Thank you for becoming a member.

Show Comments

Extras

Top Quizzes Today


Score Distribution

Your Account Isn't Verified!

In order to create a playlist on Sporcle, you need to verify the email address you used during registration. Go to your Sporcle Settings to finish the process.

Report this User

Report this user for behavior that violates our Community Guidelines.

Details: